Cestou mieru /

Hlavní autor: Otava, František
Jazyk: Slovenština
Vydáno: Praha : Svět sovětů, 1963
Edice: Na pomoc aktívu SČSP
Fyzický popis: 27 s.
Knihy
Uloženo v:
LEADER 00607nam a2200193 a 4500
001 000617193
003 CZ BrMZK
005 20110630113134.0
008 020815s1963 xr f slo d
040 |a BOA001  |b cze  |c BOA001 
100 1 |a Otava, František  |7 mzk2011648148  |4 aut 
245 1 0 |a Cestou mieru /  |c František Otava 
260 |a Praha :  |b Svět sovětů,  |c 1963 
300 |a 27 s. 
490 1 |a Na pomoc aktívu SČSP ;  |v č. 22 
830 0 |a Na pomoc aktívu SČSP 
910 |a BOA001  |b X-0505.285 
990 |a BK 
996 6 |b BC-44070  |c X-0505.285  |l MZK  |r Sklad / do 24 hodin  |n 0  |w 000617193  |u 000010  |a 1  |e BOA001  |j MZK50  |s P